01655nam a2200361Ia 4500001001200000003000800012006001900020007001500039008004100054020001500095020001800110040002100128035002100149050002300170245017500193246003600368260006100404300002200465500016000487504005100647533015200698650004000850650003200890650006800922650004800990655002901038700002001067700001901087710002701106710001701133856012601150999001701276ebr10338449CaPaEBRm u cr cn|||||||||081226s2009 dcua sb 001 0 eng d z0815702981 z9780815702986 aCaPaEBRcCaPaEBR a(OCoLC)64683727614aQC903b.C55 2009eb00aClimate change, trade, and competitivenessh[electronic resource] :bis a collision inevitable? : Brookings trade forum 2008/2009 /cLael Brainard, Isaac Sorkin, editors.3 aBrookings trade forum 2008/2009 aWashington, D.C. :bBrookings Institution Press,cc2009. ax, 197 p. :bill. a"The initial drafts of the papers, comments and reflections included in this volume were delivered at a conference held in Washington in June 2008"--P. vi. aIncludes bibliographical references and index. aElectronic reproduction.bPalo Alto, Calif. :cebrary,d2009.nAvailable via World Wide Web.nAccess may be limited to ebrary affiliated libraries. 0aClimatic changesxEconomic aspects. 0aCompetition, International. 0aGreenhouse gas mitigationxGovernment policyxEconomic aspects. 0aInternational tradexEnvironmental aspects. 7aElectronic books.2local1 aBrainard, Lael.1 aSorkin, Isaac.2 aBrookings Institution.2 aebrary, Inc.40uhttp://site.ebrary.com/lib/rucke/Doc?id=10338449zAn electronic book accessible through the World Wide Web; click to view c47720d47720